Loading...

Lust /

Bibliographic Details
Main Author: Jelinek, Elfriede
Language:Undetermined
Published: London : Serpent's Tail , 2011.
Subjects:
LEADER 00480nam a2200145Ia 4500
001 176420
008 170722s9999 xx 000 0 und d
100 |a Jelinek, Elfriede 
245 |a Lust / 
260 |a London :  |b Serpent's Tail ,  |c 2011. 
653 |a German Novel 
923 |d 20120918  |n 320 
942 |c GEN 
999 |c 147674  |d 147674 
952 |0 0  |1 0  |4 0  |6 O_1133N46LU_N2_N21  |7 0  |9 208213  |a LIB  |b LIB  |d 2013-03-25  |e D C Books  |l 6  |o O113,3N46,LU -N2- -N2;1  |p 287340  |r 2019-10-23  |s 2019-09-20  |w 2017-08-12  |y GEN